| 000 | 02215namaa2200409uu 4500 | ||
|---|---|---|---|
| 001 | doab135402 | ||
| 003 | oapen | ||
| 005 | 20260218110428.0 | ||
| 006 | m o d | ||
| 007 | cr|mn|---annan | ||
| 008 | 240307s2024 xx |||||o ||| 0|eng d | ||
| 020 | _a9781837690268 | ||
| 020 | _a9781837690275 | ||
| 020 | _a9781837690282 | ||
| 020 | _aintechopen.110988 | ||
| 024 | 7 |
_a10.5772/intechopen.110988 _2doi |
|
| 040 |
_aoapen _coapen _d |
||
| 041 | 0 | _aeng | |
| 042 | _adc | ||
| 720 | 1 |
_aKrishna Parimala, Venkata _4edt |
|
| 245 | 0 | 0 |
_aAnomaly Detection _bRecent Advances, AI and ML Perspectives and Applications |
| 260 |
_bIntechOpen _c2024 |
||
| 300 | _a1 online resource (168 p.) | ||
| 336 |
_atext _btxt _2rdacontent |
||
| 337 |
_acomputer _bc _2rdamedia |
||
| 338 |
_aonline resource _bcr _2rdacarrier |
||
| 490 | 1 |
_aArtificial Intelligence _v24 |
|
| 506 | 0 |
_fUnrestricted online access _2star |
|
| 520 | _aThis book discusses and addresses anomaly detection in the context of artificial intelligence and machine learning advancements. Building on the existing literature, this thorough and timely work is an invaluable resource. It highlights various problems, offers workable solutions to those problems, and allows academic and professional researchers and practitioners to engage in new technologies linked to anomaly detection. This book demystifies the challenges and presents solutions for detecting and understanding network anomalies. Whether you are a seasoned network professional or an enthusiast keen on cyber security, this volume promises insights that will fortify our connected futures. Join us in navigating the complexities of modern networks and championing a safer, more transparent digital era. | ||
| 540 |
_aCreative Commons _fhttps://creativecommons.org/licenses/by/3.0/ _2cc _uhttps://creativecommons.org/licenses/by/3.0/ |
||
| 546 | _aEnglish | ||
| 650 | 7 |
_aData mining _2bicssc |
|
| 720 | 1 |
_aKrishna Parimala, Venkata _4oth |
|
| 793 | 0 | _aDOAB Library. | |
| 856 |
_uhttps://docs.google.com/spreadsheets/d/1yKIrdCPDAG_9c22mwoOIO2DOhtj65Wqa/edit?usp=sharing&ouid=106555315294820607512&rtpof=true&sd=true _yList of Curated E-Books |
||
| 942 | _cE-BOOK | ||
| 999 |
_c80957 _d80956 |
||